Personaggi di fantasia - C - - Statistics

Statistiche generali
  • Questo quiz è stato fatto 3.755 volte
  • Il punteggio medio è 12 su 20
Statistiche sulle risposte
con Immagini Risposta % Corretto
Cenerentola
97%
Catwoman
89%
Il {Cappellaio} Matto
88%
Crudelia Demon
87%
Calimero
86%
Casper
78%
Chewbecca
64%
Cho Chang
64%
Cip
60%
Charlie Brown
59%
Clark Kent
56%
Chucky
55%
Campanellino
54%
Coco
54%
Chandler Bing
52%
Chicken Little
49%
Conan il Barbaro
24%
Carmen Sandiego
14%
Carlo
10%
Clarice Starling
10%
Nessun quiz corrispondente trovato
Distribuzione punteggi
Percentuale di utenti per punteggio
Percentile per numero di risposta
I tuoi punteggi nel tempo
Non hai fatto questo quiz